000
00302nam a2200121Ia 4500
005
20251222143213.0
008
251222s9999||||xx |||||||||||||| ||spa||
082
_a
370/N44
100
_a
Nérici, Imídeo Giuseppe
245
0
_a
Hacia una Didáctica General Dinámica
264
_b
Kapeluz
942
_c
LIB
999
_c
13530
_d
13530